| 000 | 01387nam a2200253 a 4500 | ||
|---|---|---|---|
| 001 | 000021861 | ||
| 005 | 20200930011459.0 | ||
| 008 | 100914s1960 ve 000 0 spa d | ||
| 040 |
_aDO-SdBNP _bspa _cBNPHU |
||
| 082 |
_aV868.2 _bB224o |
||
| 100 | 1 |
_aBaralt, Rafael María, _d1810-1860 _920697 |
|
| 245 | 1 | 0 |
_aObras completas / _cRafael María Baralt. |
| 260 |
_aMaracaibo : _bUniversidad del Zulia, _c1960. |
||
| 300 |
_a7 v. ; _c24 cm. |
||
| 504 | _aIncluye referencias bibliográficas y notas al pie de páginas | ||
| 505 | 0 |
_gv. 1 _tPresentación / _rAntonio Borjas Romero -- _tIntroducción / _rGuillermo Díaz-Plaja _gv. 2. _tResumen de la historia de Venezuela desde el año de 1815 hasta el de 1830 / _rRafael María Baralt, Ramón Díaz -- _gv. 3. _tEstudios filológicos / _rJosé Ramón Ayala -- _gv. 4. _tPoesía -- _gv. 5. _tEstudios literarios y correspondencia -- _gv. 6 _tEstudios políticos / _rprólogo Ramón Díaz Sánchez -- _gv. 7. _tEscritos políticos |
|
| 600 | 1 | 4 |
_aBARALT, RAFAEL MARÍA, _d1810-1860 _xCOLECCIÓN DE ESCRITOS _945388 |
| 600 | 1 | 4 |
_aBARALT, RAFAEL MARÍA, _d1810-1860 _xCORRESPONDENCIA, MEMORIAS, ETC. _945389 |
| 650 | 4 |
_aLiteratura venezolana _xHistoria y crítica _98073 |
|
| 650 | 4 |
_aRepública bolivariana de venezuela _xHistoria _945390 |
|
| 650 | 4 |
_aFilosofía _xColección de escritos _945391 |
|
| 910 | _aValidado. Control de calidad BNPHU | ||
| 049 | _aBNPD | ||
| 999 |
_c21359 _d21359 |
||